| 000 | 00329nam a2200109Ia 4500 | ||
|---|---|---|---|
| 008 | 200302s9999 xx 000 0 und d | ||
| 100 | _aKristin feireiss and Lukas Feireiss | ||
| 245 | _aArchitecture of Change 2 Sustinability and Humanity in the Built Environment | ||
| 260 | _bCestalten Berlin | ||
| 260 | _c2009 | ||
| 300 | _a235 P., | ||
| 999 |
_c2954 _d2954 |
||